Eastern Utah Libraries Catalog: Duchesne, Heber, Roosevelt, & Vernal

Getting along : (Record no. 379719)

MARC details
000 -LEADER
fixed length control field 04230pam a2200529 i 4500
001 - CONTROL NUMBER
control field 3326423
005 - DATE AND TIME OF LATEST TRANSACTION
control field 20221221110650.0
008 - FIXED-LENGTH DATA ELEMENTS--GENERAL INFORMATION
fixed length control field 220428s2022 mau b 001 0 eng
010 ## - LIBRARY OF CONGRESS CONTROL NUMBER
LC control number 2022020652
020 ## - INTERNATIONAL STANDARD BOOK NUMBER
International Standard Book Number 9781647821067
Qualifying information (hardcover) :
Terms of availability $30.00
020 ## - INTERNATIONAL STANDARD BOOK NUMBER
International Standard Book Number 1647821061 :
Terms of availability $30.00
020 ## - INTERNATIONAL STANDARD BOOK NUMBER
Cancelled/invalid ISBN 9781647821074
Qualifying information (epub)
035 ## - SYSTEM CONTROL NUMBER
System control number (OCoLC)1293060186
035 ## - SYSTEM CONTROL NUMBER
System control number (OCoLC)on1293060186
035 ## - SYSTEM CONTROL NUMBER
System control number 3320946
040 ## - CATALOGING SOURCE
Original cataloging agency MH/DLC
Language of cataloging eng
Description conventions rda
Transcribing agency DLC
042 ## - AUTHENTICATION CODE
Authentication code pcc
050 00 - LIBRARY OF CONGRESS CALL NUMBER
Classification number HD42
Item number .G256 2022
082 00 - DEWEY DECIMAL CLASSIFICATION NUMBER
Classification number 658.4/053
Edition number 23
092 ## - LOCALLY ASSIGNED DEWEY CALL NUMBER (OCLC)
Classification number General Nonfiction
Item number Gallo, Amy
999 ## - SYSTEM CONTROL NUMBERS (KOHA)
Koha Dewey Subclass [OBSOLETE] 658.4053 G172G 2022
100 1# - MAIN ENTRY--PERSONAL NAME
Personal name Gallo, Amy
Titles and other words associated with a name (Business writer),
Relator term author.
9 (RLIN) 6459991
245 10 - TITLE STATEMENT
Title Getting along :
Remainder of title how to work with anyone (even difficult people) /
Statement of responsibility, etc Amy Gallo.
264 #1 - Production, Publication, Distribution, Manufacture, and Copyright Notice.
Place of production, publication, distribution, manufacture Boston, Massachusetts :
Name of producer, publisher, distributor, manufacturer Harvard Business Review Press,
Date of production, publication, distribution, manufacture, or copyr [2022]
300 ## - PHYSICAL DESCRIPTION
Extent viii, 284 pages ;
Dimensions 25 cm
336 ## - Content Type
Content type term text
337 ## - Media type
Media type term unmediated
338 ## - Carrier type
Carrier type term volume
504 ## - BIBLIOGRAPHY, ETC. NOTE
Bibliography, etc Includes bibliographical references (pages 256-271) and index.
520 ## - SUMMARY, ETC.
Summary, etc "When we're dealing with difficult people, our creativity, productivity, and engagement suffer. Conflict and stress compromise our ability to think clearly and make sound decisions. We get caught up in our heads, lie awake at night worrying, withdraw from work, or react in ways we later regret-rolling our eyes in a meeting, snapping at colleagues, or staying silent when we should speak up. Our negative relationships are contagious, infecting our teams and organizations as well. Too often we grin and bear it as if we have no choice. Or throw up our hands because one-size-fits-all solutions haven't worked. But you can only endure so much thoughtless, irrational, or malicious behavior-there's your sanity to consider, and your career. In Getting Along: How to Work with Anyone (Even Difficult People), workplace expert and Harvard Business Review podcast host Amy Gallo identifies eight familiar types of difficult coworkers-the insecure boss, the passive-aggressive peer, the know-it-all, the biased coworker, and others-and provides strategies tailored to dealing constructively with each one. Facing a special case who defies categorization? She shares principles that will help you turn things around no matter who you're at odds with. Taking the high road isn't easy, but Gallo offers the compassion, encouragement, and tools you need to prevail-on your terms. She answers questions, such as: How much do work relationships matter?; Why can't I stop thinking about that nasty email?!; What's behind my problem colleague's behavior? ; How can I fix things if they won't cooperate?; I've tried everything-what now? Full of relatable, cringe-worthy examples, the latest behavioral science research, and practical advice you can use right now, Getting Along is an indispensable guide to navigating your toughest relationships at work-and building interpersonal resilience in the process"--
650 #0 - SUBJECT ADDED ENTRY--TOPICAL TERM
Topical term or geographic name as entry element Conflict management.
9 (RLIN) 81928
650 #0 - SUBJECT ADDED ENTRY--TOPICAL TERM
Topical term or geographic name as entry element Interpersonal conflict.
650 #0 - SUBJECT ADDED ENTRY--TOPICAL TERM
Topical term or geographic name as entry element Problem employees
General subdivision Psychology.
9 (RLIN) 6459992
650 #0 - SUBJECT ADDED ENTRY--TOPICAL TERM
Topical term or geographic name as entry element Psychology, Industrial.
650 #7 - SUBJECT ADDED ENTRY--TOPICAL TERM
Topical term or geographic name as entry element BUSINESS & ECONOMICS / Conflict Resolution & Mediation.
Source of heading or term bisacsh
9 (RLIN) 6022670
650 #7 - SUBJECT ADDED ENTRY--TOPICAL TERM
Topical term or geographic name as entry element SELF-HELP / Self-Management.
Source of heading or term bisacsh
9 (RLIN) 5950991
650 #7 - SUBJECT ADDED ENTRY--TOPICAL TERM
Topical term or geographic name as entry element BUSINESS & ECONOMICS / Business Communication.
Source of heading or term bisacsh
9 (RLIN) 5719627
650 #7 - SUBJECT ADDED ENTRY--TOPICAL TERM
Topical term or geographic name as entry element BUSINESS & ECONOMICS / Human Resources & Personnel Management.
Source of heading or term bisacsh
9 (RLIN) 6010456
776 08 - ADDITIONAL PHYSICAL FORM ENTRY
Display text Online version:
Main entry heading Gallo, Amy.
Title Getting along
Place, publisher, and date of publication Boston, Massachusetts : Harvard Business Review Press, 2022
International Standard Book Number 9781647821074
Record control number (DLC) 2022020653
942 ## - ADDED ENTRY ELEMENTS (KOHA)
Source of classification or shelving scheme Dewey Decimal Classification
Koha item type BOOK
Holdings
Withdrawn status Lost status Source of classification or shelving scheme Damaged status Not for loan Collection code Home library Current library Shelving location Date acquired Source of acquisition Total Checkouts Total Renewals Full call number Barcode Date last seen Date checked out Cost, replacement price Price effective from Koha item type
    Dewey Decimal Classification     General NonFiction Wasatch County Library Wasatch County Library Second Floor 12/21/2022 Micromarketing 4 6 658.40 Gallo 34301001897596 05/29/2024 01/29/2024 30.00 12/21/2022 BOOK
This project was made possible through a grant from the Institute of Museum and Library Service administered by the Utah State Library Division.

Wasatch County Library

  • 465 East 1200 South, Heber City, Utah 84032
  • Phone 435-654-1511 | Fax 435-654-6456

Hours

  • Monday - Friday 9:30 AM - 8:00 PM
  • Saturday 9:30 AM - 1:30 PM
  • Closed Sundays and Holidays